| 000 | 01031nam a2200337 a 4500 | ||
|---|---|---|---|
| 001 | 000110296 | ||
| 003 | CHAP | ||
| 005 | 20220329144126.0 | ||
| 008 | 140812s2002 mx a |r| |||1|||spa|d | ||
| 010 | _a106758 | ||
| 011 | _a107730 | ||
| 020 | _a9701880889 | ||
| 040 | _cCHAP | ||
| 082 |
_a306.08097214 _bF11 |
||
| 100 | 0 | 0 |
_aFabila, Alfonso. _939275 |
| 245 | 1 | 3 |
_aLa tribu kikapoo de Coahuila / _cpor Alfonso Fabila. |
| 260 | 3 |
_aMéxico, D.F. : _bInstituto Nacional Indigenista, _c2002. |
|
| 300 |
_a159 p. : _bil. |
||
| 490 | 0 |
_aClásicos de la antropología _v18 |
|
| 534 | _pTít. original : | ||
| 590 |
_aBATCH-UPD _b05 _c20140812 _lUCH01 _h1217 |
||
| 590 |
_aE792CSJ _b05 _c20140812 _lUCH01 _h1216 |
||
| 590 |
_aE792CSJ _b05 _c20140812 _lUCH01 _h1231 |
||
| 650 | 1 | 4 |
_aIndios de Coahuila _xKikapúes. _9127765 |
| 650 | 1 | 4 |
_aKikapúes _xHistoria. _9127763 |
| 650 | 1 | 4 |
_aKikapúes _xVida social y costumbres. _9127764 |
| 830 | 0 |
_aClásicos de la antropología _v18 _923883 |
|
| 901 | _aBK | ||
| 942 | _cLIBRO | ||
| 942 | _n0 | ||
| 999 |
_c106758 _d106758 |
||